| 000 -CABECERA |
| fixed length control field |
01702nam a22002657a 4500 |
| 003 - IDENTIFICADOR DEL NÚMERO DE CONTROL |
| control field |
AR-CdUCM |
| 008 - DATOS DE LONGITUD FIJA--INFORMACIÓN GENERAL |
| fixed length control field |
190605b ||||| |||| 00| 0 spa d |
| 040 ## - FUENTE DE LA CATALOGACIÓN |
| Agencia/entidad que catalogó originalmente la obra |
MUNICIPALIDAD PROVINCIAL DEL CUSCO |
| Entidad que transcribió la catalogación |
BIBLIOTECA MUNICIPAL DEL CUSCO |
| 082 ## - NÚMERO DE LA CLASIFICACIÓN DECIMAL DEWEY |
| No. de Clasificación |
Yachay/N°1/2007 |
| 110 ## - ENTRADA PRINCIPAL--NOMBRE DE ENTIDAD CORPORATIVA |
| Nombre de la institución, jurisdicción como entrada principal |
Universidad Andina del Cusco |
| 9 (RLIN) |
768 |
| 245 ## - MENCIÓN DE TÍTULO |
| Título |
Yachay : |
| Mención de responsabilidad |
revista científica de la Universidad Andina del Cusco / |
| 260 ## - PUBLICACIÓN, DISTRIBUCIÓN, ETC. |
| Lugar de publicación, distribución, etc. |
Cusco. |
| Nombre de la editorial, distribuidor, etc. |
Canta, |
| Fecha de publicación, distribución, etc. |
2007. |
| 300 ## - DESCRIPCIÓN FÍSICA |
| Nº de Páginas Extensión |
184 páginas ; |
| Dimensiones |
30 cm. |
| 440 ## - MENCIÓN DE SERIE/PUNTO DE ACCESO ADICIONAL--TÍTULO |
| Título |
Yachay. |
| Número de la parte/sección de una obra |
Volumen N°1, año 1, 2007. |
| 9 (RLIN) |
47510 |
| 505 ## - NOTA DE CONTENIDO CON FORMATO |
| Nota de contenido formateada |
Contenido: Revisión sobre algunas modificaciones en la Taxonomía del género salmonella. Angélica Anchari Morales. -- Efecto antibacteriano in vitro de tres irrigantes endodónticos en solución y gel contra el fusiobacterium. -- La neuro educación una realidad en las facultades de Educación en los países desarrollados. -- Afrontamiento en mujeres con cáncer de mama del Hospital de Essalud Cusco. Santiago Monge. -- Pornografía infantil un problema de derechos humanos. Silvia Aguirre Abarca. -- Delincuencia y senectud. Julio Alberto Holgado. -- Influencia cultural en el Desarrollo del Niño peruano. Ramón Torres. -- Yanantin y Masintin la cosmovisión andina. Daisy Núñez del Prado Béjar. -- Perfiles del teatro cusqueño. Guido Guevara Ugarte. -- Salud Mental. Ramón Silva. ... |
| 650 ## - PUNTO DE ACCESO ADICIONAL DE MATERIA--TÉRMINO DE MATERIA |
| Descriptor |
Biología |
| 9 (RLIN) |
881 |
| 650 ## - PUNTO DE ACCESO ADICIONAL DE MATERIA--TÉRMINO DE MATERIA |
| Descriptor |
Salud |
| 9 (RLIN) |
8684 |
| 650 ## - PUNTO DE ACCESO ADICIONAL DE MATERIA--TÉRMINO DE MATERIA |
| Descriptor |
Educación |
| 9 (RLIN) |
460 |
| 650 ## - PUNTO DE ACCESO ADICIONAL DE MATERIA--TÉRMINO DE MATERIA |
| Descriptor |
Derecho |
| 9 (RLIN) |
739 |
| 700 ## - PUNTO DE ACCESO ADICIONAL--NOMBRE DE PERSONA |
| Nombre Personal |
Anchari Morales, Angélica |
| 9 (RLIN) |
47511 |
| 700 ## - PUNTO DE ACCESO ADICIONAL--NOMBRE DE PERSONA |
| Nombre Personal |
Núñez del Prado Béjar, Daisy |
| 9 (RLIN) |
47512 |
| 856 ## - LOCALIZACIÓN Y ACCESO ELECTRÓNICOS |
| Identificador Uniforme de Recurso (URI) |
<a href="https://revistas.uandina.edu.pe/index.php/Yachay/article/view/358/188">https://revistas.uandina.edu.pe/index.php/Yachay/article/view/358/188</a> |
| Nota pública |
Leer en digital |
| 942 ## - ELEMENTOS DE PUNTO DE ACCESO ADICIONAL (KOHA) |
| Fuente de clasificación |
|
| Tipo de item |
Revistas cusqueñas |
| 945 ## - PROCESAMIENTO DE INFORMACIÓN LOCAL (OCLC) |
| Catalogador |
vhl |